| 000 | 02069nam a22003617a 4500 | ||
|---|---|---|---|
| 001 | 42835 | ||
| 003 | gtgccic | ||
| 005 | 20251107155807.0 | ||
| 007 | ta | ||
| 008 | 251107b gt ||||| |||| 00| 0 spa d | ||
| 040 |
_agtgccic _bspa _cgtgccic _erda |
||
| 084 | _0TPI-16-107 | ||
| 100 | 1 | 0 |
_aBenedicto Estuardo Martínez Guerra _dIngeniero Industrial _eautor |
| 245 | 1 | 0 |
_aSuministro de energía eléctrica con páneles solares individuales _ba la aldea Searranx, Livingston, Izabal / _cMartínez Guerra, Benedicto Estuardo |
| 264 | 1 |
_aGuatemala, Guatemala : _bUSAC, Facultad de Ingeniería ; _c2016.- |
|
| 300 |
_axxii, 124 p. : _bil. ; _c27 cm |
||
| 336 |
_2rdacontenido _aTexto _btxt |
||
| 337 |
_2rdamedio _asin mediación _bn |
||
| 338 |
_2rdasoporte _avolumen _bnc |
||
| 502 |
_aTesis Postgrado _bMAESTRO EN ENERGÍA Y AMBIENTE _cUSAC, Facultad de Ingeniería, Escuela de Postgrado _d2016 _oTPI-16-0107 |
||
| 504 | _aBibliografía pag. 65 | ||
| 505 | _t1. SISTEMA ELÉCTRICO NACIONAL | ||
| 505 | _t2. COBERTURA ELÉCTRICA EN GUATEMALA | ||
| 505 | _t3. GENERACIÓN ELÉCTRICA EN GUATEMALA | ||
| 505 | _t4. PRESENTACIÓN DE RESULTADOS | ||
| 505 | _t5. DISCUSIÓN DE RESULTADOS | ||
| 520 | 3 | _aEl presente trabajo se plantea bajo el interés de electrificar la aldea Searranx, municipio de Livingston en el departamento de Izabal. Lo lejano que se encuentra la comunidad de otros lugares que cuentan con servicio eléctrico, hace necesario pensar en una forma distinta de dotarlos del servicio, ya que hacerlo de la forma convencional con líneas y redes eléctricas supone una inversión muy alta que torna imposible su ejecución. El planteamiento de este trabajo consiste en evaluar si la región en estudio tiene las condiciones meteorológicas para generar electricidad, por medio de paneles solares y su capacidad de suplir en forma individual los requerimientos de cada vivienda. | |
| 650 | _aENERGÍA ELÉCTRICA | ||
| 650 | _aSOLARES Y SRVICIOS | ||
| 700 |
_aM.Sc. Juan Carlos Fuentes Montepeque _easesor |
||
| 942 |
_2ddc _cTPS |
||
| 945 | _aamlo | ||
| 999 |
_c2515 _d2515 |
||